| Tag |
First Indicator |
Second Indicator |
Subfields |
| LEADER |
00000cam a2200000 a 4500 |
| 001 |
in00000009033 |
| 005 |
20151007051449.0 |
| 008 |
870304s1987 maua b 00110 eng |
| 010 |
|
|
|a 85040388
|
| 020 |
|
|
|a 0669110272 (alk. paper)
|
| 035 |
|
|
|a (OCoLC)15365861
|
| 035 |
|
|
|9 AAA3104AM
|
| 040 |
|
|
|a DLC
|c DLC
|d TXA
|d UtOrBLW
|
| 043 |
|
|
|a n-us---
|
| 049 |
|
|
|a TXAM
|c [A12628235]
|
| 050 |
0 |
0 |
|a HF1008
|b .L68 1987
|
| 082 |
0 |
|
|a 382/.3
|2 19
|
| 100 |
1 |
|
|a Lovett, William Anthony.
|
| 245 |
1 |
0 |
|a World trade rivalry :
|b trade equity and competing industrial policies /
|c William A. Lovett.
|
| 264 |
|
1 |
|a Lexington, Mass. :
|b Lexington Books,
|c [1987]
|
| 264 |
|
4 |
|c ©1987
|
| 300 |
|
|
|a xxxv, 260 pages :
|b illustrations ;
|c 24 cm.
|
| 336 |
|
|
|a text
|b txt
|2 rdacontent
|
| 337 |
|
|
|a unmediated
|b n
|2 rdamedia
|
| 338 |
|
|
|a volume
|b nc
|2 rdacarrier
|
| 504 |
|
|
|a Includes bibliographies and index.
|
| 650 |
|
0 |
|a Commerce.
|
| 650 |
|
0 |
|a Industrial policy.
|
| 650 |
|
0 |
|a Competition, International.
|
| 651 |
|
0 |
|a United States
|x Commercial policy.
|
| 999 |
|
|
|a MARS
|
| 999 |
f |
f |
|s a02251c9-3519-3e88-a924-e3ee46fa7978
|i 89e7efa4-6e62-3a03-ab61-a1345f49da45
|t 0
|
| 952 |
f |
f |
|p ric
|a Texas A&M University
|b Rellis Campus
|c Joint Library Facility
|d Remote Storage
|t 0
|e HF1008 .L68 1987
|h Library of Congress classification
|i unmediated -- volume
|m A14812628235
|
| 998 |
f |
f |
|a HF1008 .L68 1987
|t 0
|l Remote Storage
|